000 02979nam0a2200409 i 4500
001 RU\NLR\BIBL_A\010879715
005 20250703065134.0
010 _a9785444606377
_91000
021 _aRU
_b2015-77960
_94716
035 _a(NLR Aleph) 010879715
090 _a10498312
_c10498312
100 _a20151102d2015 k y0rusy50 ca
101 0 _arus
102 _aRU
105 _aa|||z|||100yy
200 1 _aМедико-биологические и педагогические основы адаптации, спортивной деятельности и здорового образа жизни
_eсборник научных статей IV всероссийской заочной научно-практической конференции с международным участием, (29 апреля 2015 г.)
_f[гл. ред.: Бугаев Г. В., Попова И. Е.]
210 _aВоронеж
_cНаучная книга
_d2015
215 _a585 с.
_cил.
_d21
300 _aВ надзаг.: М-во спорта Рос. Федерации, Федер. гос. бюджет. образоват. учреждение высш. проф. образования "Воронеж. гос. ин-т физ. культуры", Каф. мед.-биол. дисциплин
320 _aБиблиогр. в конце ст.
606 _aЗдоровье
_jСъезды, совещания и т.п
_xВлияние физической культуры и спорта
_91188761
_3RU\NLR\AUTH\66479459
606 1 _aОрганизм
_jСъезды, совещания и т.п
_xАдаптация
_92438307
_3RU\NLR\AUTH\661450756
606 1 _aФизическая культура и спорт для лиц с ограниченными возможностями здоровья
_jСъезды, совещания и т.п
_92277834
_3RU\NLR\AUTH\6601593352
606 _aВоспитание здорового образа жизни
_jСъезды, совещания и т.п
_92490284
_3RU\NLR\AUTH\661477679
675 _a796/799
686 1 _aР124.61я431(2)
686 1 _aР128.94я431(2)
686 1 _aР120.4я431(2)
686 1 _aР252.5я431(2)
686 1 _aЧ313.54я431
686 1 _aЧ511.1,6(2)4я431
702 1 _4340
_7ca
_8rus
_aБугаев
_bГ. В.
_cканд. пед. наук
_f1960-
_gГеннадий Васильевич
_9139745
_3RU\NLR\AUTH\770139780
711 1 2 _a"Медико-биологические и педагогические основы адаптации, спортивной деятельности и здорового образа жизни", всероссийская заочная научно-практическая конференция с международным участием
_d4
_e2015
_fВоронеж
_9490589
_3RU\NLR\AUTH\880412635
942 _cBOOK
980 _aNBR